000 00947nam a2200289 a 4500
001 000039188
003 DO-SdBNP
005 20250116083254.0
007 ta
008 250116s2022 pr 000 j spa d
020 _a9789945934274
040 _aDO-SdBNP
_bspa
_cBNPHU
_erda
041 _hspa
082 _axxx
_bC794f
_222
100 _aCordero, Margarita
_eautor
_910813
245 1 0 _aFrancisca Jiménez :
_bel sindicato como razón de ser /
_cMargarita Cordero
264 _aSanto Domingo :
_bMinisterio de la Mujer,,
_c2022
300 _a122 páginas :
_bilustraciones ;
_c23 cm.
336 _ardacontent
_btexto
_2txt
337 _ardamedia
_bsin mediación
_2n
338 _ardacarrier
_bvolumen
_2nc
490 _aBiografías medalla al mérito de la mujer dominicana, 2022
500 _aMedalla al mérito de la Mujer dominicana 2022, categoria : periodismo
590 _aInventariado, 2025/DG
910 _aDG
942 _2ddc
_cLBS1
999 _c58066
_d58066